01013nam a2200217Ia 4500003000400000005001700004008004100021020001800062040001000080100001400090245004400104260001800148260000900166942001200175999001500187952014700202952011900349952010400468952010400572952011900676OSt20240102050359.0170524s9999 xx 000 0 und d a9780074623503 cIIMTU aRam Badri 0aPower System Protection and Switch Gear bTMH New Delhi c2008 2ddcc02 c4851d4851 00102ddc4070a01b01d2017-05-31oRp01-B-41458r2017-05-31uElectrical Engineeringw2017-05-31y06zEngineering Departmental Library books 00102ddc4070a01b01d2017-05-31l1p01-B-41459r2024-09-02s2024-09-02uElectrical Engineeringw2017-05-31y02 00102ddc4070a01b01d2017-05-31p01-B-41460r2017-05-31uElectrical Engineeringw2017-05-31y02 00102ddc4070a01b01d2017-05-31p01-B-41461r2017-05-31uElectrical Engineeringw2017-05-31y02 00102ddc4070a01b01d2017-05-31l1p01-B-41462r2024-02-16s2023-12-19uElectrical Engineeringw2017-05-31y02